SZA Songs A-Z - Statistics

General Stats
  • This quiz has been taken 52 times
    15 since last reset
  • The average score is 15 of 22
Answer Stats
Hint Answer % Correct
G Gloria/Green Mile/Go Gina/Garden/Gone Girl/Ghost in themachine/Good Days/Get Behind Me
93%
S Sweet November/Shattered Ring/Supermodel/SOS/Seek& Destroy/Snooze/Smoking on my ex pack/Special/Shirt/ Scorsese Baby Daddy/Saturn/Sobriety/Slime You Out
93%
A All the stars/Advil/Aftermath/Anything/Awkward/Another Life/the anonymous ones
86%
B Bed/Babylon/Broken Clocks/Blind/BMF
86%
D Doves in the wind/Drew Berrymore/Diamond Boy/Drive
86%
J Julia/Jodie/Joni/Just For Me/Just Us
86%
L Luther/Love Galore/Low/Love Language/Love Me 4 Me
86%
N Normal Girl/Notice Me/Nobody Gets Me/No More Hiding/NoLove/No Szns
86%
# 20 Something/2AM/30 for 30
79%
F F2F/Far/Forgiveless/Fue Mejor
79%
K Kill Bill/Kismet/Kitchen/Kiss Me More
79%
W Wings/Warm Winds/Wavy/What Do I Do/the weekend
79%
O Once upon a high/Omega/Open Arms/the odyssey/the otherside
71%
P Pray/Prom/Pretty Little Birds/Percolator/PSA/Power is Power/Persuasive
71%
C Castles/Crack Dreams/Country/Childs Play/Conceited/ChillBaby/Crybaby/Cosideration
64%
T Time travel undone/Terror Dome/Telekinesis/teen spirit/Tread carefully/Too Late/Take You Down
64%
U Ur/Used
64%
I Ice Moon/I Hate U
50%
R Rich Baby Daddy
43%
H Hiiijack/Hit Different
29%
M Miles/My Turn
29%
E Euphraxia
21%
No matching quizzes found
Score Distribution
Percent of People with Each Score
Percentile by Number Answered
Your Score History
You have not taken this quiz since the last reset